Speech acts an essay in the philosophy of language
Includes bibliographical references.; Methods and scope -- Expressions, meaning and speech acts -- The structure of illocutionary acts -- Reference as a speech act -- Predication -- Three fallacies in contemporary philosophy -- Deriving "ought" from "is."
Bewaard in:
| Hoofdauteur: | |
|---|---|
| Formaat: | Boek |
| Taal: | Undetermined |
| Gepubliceerd in: |
Cambridge
University Press
1970
|
| Onderwerpen: | |
| Online toegang: | http://lrc.tdmu.edu.vn/opac/search/detail.asp?aID=2&ID=24962 |
| Tags: |
Voeg label toe
Geen labels, Wees de eerste die dit record labelt!
|
| Thư viện lưu trữ: | Trung tâm Học liệu Trường Đại học Thủ Dầu Một |
|---|
| LEADER | 01105nam a2200217Ia 4500 | ||
|---|---|---|---|
| 001 | TDMU_24962 | ||
| 008 | 210410s9999 xx 000 0 und d | ||
| 082 | |a 401 | ||
| 090 | |b S200 | ||
| 100 | |a Searle, John R | ||
| 245 | 0 | |a Speech acts | |
| 245 | 3 | |b an essay in the philosophy of language | |
| 245 | 0 | |c John R. Searle | |
| 260 | |a Cambridge | ||
| 260 | |b University Press | ||
| 260 | |c 1970 | ||
| 300 | |a vii, 203 pages | ||
| 520 | |a Includes bibliographical references.; Methods and scope -- Expressions, meaning and speech acts -- The structure of illocutionary acts -- Reference as a speech act -- Predication -- Three fallacies in contemporary philosophy -- Deriving "ought" from "is." | ||
| 650 | |a Speech acts (Linguistics); Semantics (Philosophy); Language and languages |x Philosophy; Nghệ thuật diễn thuyết (Ngôn ngữ học); Ngữ nghĩa học (Triết học); Ngôn ngữ học và triết học |x Triết học | ||
| 856 | |u http://lrc.tdmu.edu.vn/opac/search/detail.asp?aID=2&ID=24962 | ||
| 980 | |a Trung tâm Học liệu Trường Đại học Thủ Dầu Một | ||